| 000 | 00763nam a2200229Ia 4500 | ||
|---|---|---|---|
| 999 |
_c53201 _d53201 |
||
| 003 | GCL | ||
| 005 | 20240530105114.0 | ||
| 008 | 140319s9999 xx 000 0 ara d | ||
| 040 |
_aGCL / _cGCL |
||
| 082 | 0 | 4 |
_a189.3 _bغ ت |
| 100 | 1 | _aعلى بوملحم | |
| 245 | 1 | 0 |
_aتهافت الفلاسفة / _cعلى بوملحم |
| 250 | _aالرابعة | ||
| 260 |
_aبيروت : _bدار المشرق ، _c1990 |
||
| 300 |
_a256 ص ؛ _c24 سم |
||
| 650 | 0 | 4 | _aالفلسفة الاسلامية |
| 650 | 0 | 4 | _aالفلسفة |
| 650 | 0 | 4 | _aالفلاسفة المسلمون |
| 650 | 0 | 4 | _aالغزالى |
| 700 | 1 | _aالغزالى : حجة الاسلام ابو حامد محمد بن محمد بن محمد بن احمد الطوسى | |
| 942 |
_2ddc _cBK |
||